[Event "IMSA Rapid Men 2019"]
[Site "Hengshui"]
[Date "2019.05.14"]
[Round "3.1"]
[White "Dominguez Perez, Leinier"]
[Black "Fedoseev, Vladimir"]
[Result "1/2-1/2"]
[WhiteElo "2750"]
[BlackElo "2683"]
[Annotator "RC"]
[PlyCount "149"]
[EventDate "2019.05.14"]
[EventType "rapid"]
[EventCountry "CHN"]
[SourceTitle "playchess.com"]
[Source "ChessBase"]
[SourceQuality "1"]
[TimeControl "900+10"]

1. e4 {[%emt 0:00:00]} e5 {[%emt 0:00:00]} 2. Nf3 {[%emt 0:00:00]} Nc6 {[%emt 0:00:00]} 3. Bc4 {[%emt 0:00:00]} Bc5 {[%emt 0:00:03]} 4. c3 {[%emt 0:00:00]} Nf6 {[%emt 0:00:03]} 5. d3 {[%emt 0:00:00]} d6 {[%emt 0:00:32]} 6. Nbd2 {[%emt 0:00:03]} a5 {[%emt 0:00:18]} 7. O-O {[%emt 0:00:11]} O-O {[%emt 0:00:05]} 8. h3 {[%emt 0:00:03]} Be6 {[%emt 0:00:54]} 9. Bb5 {[%emt 0:00:03]} Ba7 {[%emt 0:00:24]} 10. Re1 {[%emt 0:00:14]} Ne7 {[%emt 0:01:26]} 11. Nf1 {[%emt 0:00:30]} c6 {[%emt 0:00:37]} 12. Ba4 {[%emt 0:00:02]} h6 {[%emt 0:01:24]} 13. Ng3 {[%emt 0:00:05]} b5 {[%emt 0:00:29]} 14. Bc2 {[%emt 0:00:03]} c5 {[%emt 0:00:31]} 15. d4 {[%emt 0:00:56]} Qc7 {[%emt 0:00:32]} 16. Be3 {[%emt 0:00:26]} Rac8 {[%emt 0:00:41]} 17. d5 {[%emt 0:02:44]} Bd7 {[%emt 0:00:02]} 18. a4 {[%emt 0:00:25]} c4 {[%emt 0:00:27]} 19. Nxe5 {[%emt 0:04:05]} Bxe3 {[%emt 0:00:01]} 20. Rxe3 {[%emt 0:00:02]} dxe5 {[%emt 0:00:11]} 21. d6 {[%emt 0:00:01]} Qb6 {[%emt 0:00:15]} 22. dxe7 {[%emt 0:00:03]} Rfe8 {[%emt 0:00:01]} 23. axb5 {[%emt 0:00:55]} Rxe7 {[%emt 0:00:30]} 24. Re2 {[%emt 0:00:59]} Bxb5 {[%emt 0:00:33]} 25. Rd2 {[%emt 0:00:15]} Rd7 {[%emt 0:00:14]} 26. Nf5 {[%emt 0:01:33]} Rcd8 {[%emt 0:00:31]} 27. Ne7+ {[%emt 0:00:18]} Kf8 {[%emt 0:01:09]} 28. Nd5 {[%emt 0:00:03]} Nxd5 {[%emt 0:00:11]} 29. exd5 {[%emt 0:00:02]} Bc6 {[%emt 0:00:19]} 30. Be4 {[%emt 0:01:07]} Bxd5 {[%emt 0:00:59]} 31. Bxd5 {[%emt 0:03:22]} Qc5 {[%emt 0:01:00]} 32. b4 {[%emt 0:00:54]} axb4 {[%emt 0:00:02]} 33. cxb4 {[%emt 0:00:02]} Qxb4 {[%emt 0:00:05]} 34. Ra4 {[%emt 0:00:38]} Qb3 {[%emt 0:01:05]} 35. Rxc4 {[%emt 0:00:34]} Qxd1+ {[%emt 0:00:04]} 36. Rxd1 {[%emt 0:00:01]} Rxd5 {[%emt 0:00:01]} 37. Rxd5 {[%emt 0:00:01]} Rxd5 {[%emt 0:00:01]} 38. h4 {[%emt 0:00:17]} f5 {[%emt 0:00:29]} 39. g3 {[%emt 0:00:14]} Kf7 {[%emt 0:00:19]} 40. Rc7+ {[%emt 0:00:02]} Kg6 {[%emt 0:00:05]} 41. Rb7 {[%emt 0:00:02]} e4 {[%emt 0:00:06]} 42. Kf1 {[%emt 0:00:15]} Rd3 {[%emt 0:00:12]} 43. Ra7 {[%emt 0:00:08]} f4 {[%emt 0:01:05]} 44. gxf4 {[%emt 0:00:02]} Rf3 {[%emt 0:00:12]} 45. h5+ {[%emt 0:00:22]} Kf6 {[%emt 0:00:29]} 46. Ra6+ {[%emt 0:00:08]} Kf5 {[%emt 0:00:01]} 47. Rg6 {[%emt 0:00:26]} e3 {[%emt 0:00:20]} 48. Ke2 {[%emt 0:00:01]} Kxf4 {[%emt 0:00:15]} 49. fxe3+ {[%emt 0:00:16]} Rxe3+ 50. Kf2 {[%emt 0:00:01]} Re7 {[%emt 0:00:02]} 51. Kg2 {[%emt 0:00:22]} Rd7 {[%emt 0:00:08]} 52. Kf2 {[%emt 0:00:07]} Ra7 {[%emt 0:00:16]} 53. Kg2 {[%emt 0:00:15]} Rb7 {[%emt 0:00:23]} 54. Kf2 {[%emt 0:00:04]} Ke4 {[%emt 0:00:56]} 55. Kg2 {[%emt 0:00:10]} Ke3 {[%emt 0:00:17]} 56. Kg3 {[%emt 0:00:11]} Ke2 {[%emt 0:00:03]} 57. Kg2 {[%emt 0:00:06]} Re7 {[%emt 0:00:01]} 58. Rg4 {[%emt 0:00:11]} Rf7 {[%emt 0:00:13]} 59. Re4+ {[%emt 0:00:06]} Kd3 {[%emt 0:00:01]} 60. Rg4 {[%emt 0:00:01]} Ke3 {[%emt 0:00:02]} 61. Rg3+ {[%emt 0:00:08]} Ke2 {[%emt 0:00:01]} 62. Rg6 {[%emt 0:00:04]} Rf2+ {[%emt 0:00:06]} 63. Kg1 {[%emt 0:00:08]} Rf7 {[%emt 0:00:01]} 64. Kg2 {[%emt 0:00:01]} Re7 {[%emt 0:00:37]} 65. Rg4 {[%emt 0:00:04]} Ke3 {[%emt 0:00:19]} 66. Rg3+ {[%emt 0:00:08]} Kf4 {[%emt 0:00:02]} 67. Rg6 {[%emt 0:00:02]} Re2+ {[%emt 0:00:06]} 68. Kf1 {[%emt 0:00:06]} Re7 {[%emt 0:00:05]} 69. Kf2 {[%emt 0:00:05]} Ra7 {[%emt 0:00:04]} 70. Kg2 {[%emt 0:00:03]} Ra2+ {[%emt 0:00:01]} 71. Kh3 {[%emt 0:00:01]} Ra5 {[%emt 0:00:02]} 72. Rxg7 {[%emt 0:00:02]} Rxh5+ {[%emt 0:00:01]} 73. Kg2 {[%emt 0:00:00]} Rg5+ {[%emt 0:00:02]} 74. Rxg5 {[%emt 0:00:01]} hxg5 {[%emt 0:00:02]} 75. Kf2 {[%emt 0:00:01]} 1/2-1/2

[Event "IMSA Rapid Men 2019"]
[Site "Hengshui"]
[Date "2019.05.14"]
[Round "3.2"]
[White "Vidit, Santosh Gujrathi"]
[Black "Korobov, Anton"]
[Result "1/2-1/2"]
[WhiteElo "2707"]
[BlackElo "2687"]
[Annotator "TA"]
[PlyCount "90"]
[EventDate "2019.05.14"]
[EventType "rapid"]
[EventCountry "CHN"]
[SourceTitle "playchess.com"]
[Source "ChessBase"]
[SourceQuality "1"]

{[%evp 15,90,14,22,20,30,18,12,19,35,25,32,25,29,37,56,34,39,49,52,34,43,43,56,8,11,10,10,14,10,-20,-18,-17,-13,-27,0,6,12,13,17,16,15,13,35,0,42,8,8,8,8,8,8,5,11,8,7,7,8,7,7,7,7,7,7,7,7,7,0,0,0,0,0,0,0,0,0,0,0]} 1. d4 d5 2. c4 c6 3. Nf3 Nf6 4. e3 Bf5 5. Nc3 e6 6. Nh4 Be4 7. f3 Bg6 8. Qb3 Qc7 9. Bd2 {D12: Slav Defence: 3 Nf3 Nf6 4 e3 Bf5} Be7 10. Nxg6 (10. cxd5 Nxd5 11. Nxg6 hxg6 12. O-O-O Nd7 13. Nxd5 cxd5+ 14. Kb1 a6 15. Rc1 Qb8 16. Bb4 a5 {½-½ (51) Eljanov,P (2680)-Postny,E (2623) chess.com INT 2019}) 10... hxg6 11. O-O-O Nbd7 12. Kb1 dxc4 13. Bxc4 b5 14. Be2 a6 15. Ne4 c5 16. Nxc5 Nxc5 17. dxc5 Qxc5 $146 ({Predecessor:} 17... Bxc5) 18. Rc1 Qb6 19. h4 O-O 20. g4 Rfd8 21. Rc2 Rac8 22. h5 Rxc2 23. Qxc2 gxh5 24. gxh5 Qc5 25. e4 Qxc2+ (25... Rd7 {with more complications.} 26. Qxc5 Bxc5 27. Bf4 Bd6 28. Be3 Be5) 26. Kxc2 Nd7 27. Rd1 Rc8+ 28. Kb1 Ne5 29. Bc3 Nc6 30. h6 gxh6 {The position is equal.} 31. Rg1+ Kf8 32. Bg7+ Ke8 33. Bxh6 Bf6 34. Rg8+ Kd7 35. Rxc8 Kxc8 $11 {[%mdl 4096] Endgame KBB-KBN} 36. f4 Bd4 37. a4 bxa4 38. Bxa6+ Kc7 39. f5 exf5 40. exf5 Kb6 41. Bd3 f6 42. Bc2 Kb5 43. Bd3+ Kb6 44. Bc2 Kb5 45. Bd3+ Kb6 {Accuracy: White = 68%, Black = 60%.} 1/2-1/2

[Event "IMSA Rapid Men 2019"]
[Site "Hengshui"]
[Date "2019.05.14"]
[Round "3.3"]
[White "Wang, Hao"]
[Black "Cheparinov, Ivan"]
[Result "0-1"]
[WhiteElo "2735"]
[BlackElo "2667"]
[Annotator "TA"]
[PlyCount "118"]
[EventDate "2019.05.14"]
[EventType "rapid"]
[EventCountry "CHN"]
[SourceTitle "playchess.com"]
[Source "ChessBase"]
[SourceQuality "1"]

{[%evp 12,118,9,13,7,12,0,10,9,0,0,0,0,0,0,0,0,0,0,-12,0,-17,50,50,63,68,95,91,90,-100,-85,-79,-64,-78,-85,-65,-53,-118,-36,-289,-291,-289,-290,-284,-243,-287,-275,-447,-450,-568,-275,-468,-468,-468,-460,-502,-386,-364,-235,-310,-283,-404,-395,-403,-74,-74,-74,-74,0,0,0,-27,-29,-22,-12,-18,0,0,0,0,0,0,0,-81,-85,-104,-78,-115,-100,-108,-62,-85,-79,-133,-133,-135,-132,-175,-170,-197,-96,-96,-100,-102,-114,-115,0,-1908,-1782]} 1. e4 e5 2. Nf3 Nc6 3. Bb5 Nf6 4. d3 Bc5 5. c3 O-O $146 ({Predecessor:} 5... d6 6. O-O {0-1 (24) Sjugirov,S (2664)-Sethuraman,S (2640) Baku 2015}) 6. O-O d6 7. Nbd2 Ne7 {C65: Ruy Lopez: Berlin Defence (3...Nf6), unusual lines and 4 0-0 Bc5} 8. d4 exd4 9. cxd4 Bb6 {The position is equal.} 10. Re1 Bg4 11. h3 Bh5 12. Qb3 d5 13. e5 Nd7 14. a4 $36 {[%mdl 2048] White is more active.} a5 15. Qe3 Re8 16. Nb3 Nc6 (16... c6 $11 17. Be2 Nf8) 17. Bxc6 $14 bxc6 18. Bd2 f6 19. e6 Re7 20. Nxa5 $2 (20. Bxa5 $16 {stays on course.} Nf8 21. Bb4 Rxe6 22. Qc3) 20... Rxa5 $17 (20... Bxa5 21. Bxa5 Nf8 22. Bb4 $16) 21. Bb4 c5 22. dxc5 $1 Bxc5 23. Bxc5 Nxc5 (23... Rxc5 $6 24. Qa3 $14) 24. Nd4 $1 {[%cal Rd4c6]} Ra6 ({But not} 24... Rxa4 $6 25. Rxa4 Nxa4 26. Nc6 $11) (24... Qa8 $1 $17 25. b4 Rxa4 26. Rxa4 Nxa4) 25. Rac1 $2 {[%mdl 8192]} (25. Nf5 $15 Bg6 26. Nxe7+ Qxe7 27. b4) 25... Nxe6 $19 ({Less strong is} 25... Nxa4 26. Rc6 $17) 26. Nc6 {[#]} Rxc6 $1 27. Rxc6 Bf7 28. Qa3 Re8 29. b4 $2 (29. Rcc1 {keeps fighting.}) 29... d4 {aiming for ...d3.} 30. b5 Qd5 (30... d3 $142 31. Qb4 Nd4) 31. Qf3 $2 (31. Rc2) 31... Qxf3 32. gxf3 d3 33. Kf1 Rd8 34. Rd1 h5 35. Rc3 Rd4 36. Ra3 (36. a5 $142 Ra4 37. b6 cxb6 38. axb6) 36... Nc5 37. a5 Bc4 $2 (37... d2 $19 {Threatens to win with ...Bc4+.} 38. Ke2 Bc4+ 39. Ke3 Nb3 40. Rxb3 {[%mdl 64] Remove Defender} Bxb3 41. Rxd2 Rxd2 42. Kxd2 Bc4) 38. a6 $17 d2+ 39. Kg2 Bxb5 (39... Bb3 $17 40. a7 Bxd1 41. a8=Q+ Kh7) 40. a7 $11 Bc6 41. a8=Q+ (41. Rc3 {keeps more tension.} Rd5 42. h4 Kf7 43. Rc2 Rf5 44. Rc3) 41... Bxa8 42. Rxa8+ {[%mdl 4096] Endgame KRR-KRN} Kf7 43. Ra7 Rd7 44. Kf1 Nb3 45. Rb7 Na5 46. Rb5 Nc4 47. Rb4 (47. Ke2 $11) 47... Rd4 $1 $17 48. Ke2 Ke6 49. Ra1 Kd7 50. Rb5 Ne5 51. Rd1 Kc6 52. Ra5 ({White should try} 52. Rb3) 52... Kb6 53. Ra8 {[#]} Nc4 $1 54. Rg8 Rd7 55. Rh8 {[#]} Re7+ (55... Kc5 $1 $19 {has better winning chances.} 56. Rxh5+ Kb4) 56. Kf1 Kc5 {Strongly threatening ...Kd4.} 57. Rd8 Kb4 {Hoping for ...Kc3.} 58. Rd3 Nb2 (58... Re5 $17 59. Rb1+ Kc5) 59. Rb1 $2 {[%mdl 8192] [#]} (59. Rd4+ $11 Nc4 60. R1xd2) 59... Re1+ $1 {[%mdl 576] Double Attack. Accuracy: White = 46%, Black = 58%.} 0-1

[Event "IMSA Rapid Men 2019"]
[Site "Hengshui"]
[Date "2019.05.14"]
[Round "3.4"]
[White "Ponomariov, Ruslan"]
[Black "Yu, Yangyi"]
[Result "1/2-1/2"]
[WhiteElo "2675"]
[BlackElo "2739"]
[Annotator "TA"]
[PlyCount "48"]
[EventDate "2019.05.14"]
[EventType "rapid"]
[EventCountry "CHN"]
[SourceTitle "playchess.com"]
[Source "ChessBase"]
[SourceQuality "1"]

{[%evp 10,48,19,16,75,57,76,37,39,36,50,56,51,41,61,54,48,51,37,44,95,41,74,37,31,15,27,0,0,0,0,0,7,0,0,0,22,0,0,0,27]} 1. e4 e6 2. d4 d5 3. Nc3 Bb4 4. exd5 exd5 5. Bd3 Ne7 6. Qh5 Qd7 {C01: French: Exchange Variation} (6... g6 $11 {remains equal.} 7. Qh6 Bf5) (6... Nd7 7. Bg5 c5 8. Nf3 c4 9. Be2 Nf8 10. O-O Bxc3 11. bxc3 h6 12. Bxe7 Kxe7 13. Ne5 g6 14. Qh4+ {1-0 (31) Popov,I (2592)-Savchenko,B (2562) St Petersburg 2018}) 7. h3 $16 Nbc6 8. a3 $146 ({Predecessor:} 8. Nge2 Nf5 9. O-O O-O 10. Nf4 Bd6 11. Ncxd5 Bxf4 12. Nxf4 Nb4 13. c3 Nxd3 14. Nxd3 Qb5 15. Nf4 Re8 16. g4 g6 17. Qg5 Nxd4 18. Nd5 Nf3+ {0-1 (18) Meinsohn,P (2261)-Lux,G (2041) Marcy Etoile 2007}) 8... Bxc3+ {White is slightly better.} 9. bxc3 Qe6+ 10. Ne2 Bd7 11. O-O O-O-O 12. Rb1 f6 13. Bf4 Be8 14. Qf3 Bg6 (14... g5 $14) 15. Rfe1 (15. Bh2 $16) 15... Rhe8 16. Ng3 (16. Bh2 $5 {[%cal Re2f4]}) 16... Qd7 17. Nh5 Nf5 18. Qg4 Bxh5 {The position is equal.} 19. Qxh5 g6 20. Qf3 Nh4 $132 {[%mdl 2048] Black has counterplay} 21. Qg3 Nf5 22. Qf3 Nh4 23. Qg3 Nf5 24. Qf3 Nh4 {Accuracy: White = 64%, Black = 63%.} 1/2-1/2

[Event "IMSA Rapid Men 2019"]
[Site "Hengshui"]
[Date "2019.05.14"]
[Round "3.5"]
[White "Andreikin, Dmitry"]
[Black "Gelfand, Boris"]
[Result "1/2-1/2"]
[WhiteElo "2722"]
[BlackElo "2676"]
[Annotator "TA"]
[PlyCount "65"]
[EventDate "2019.05.14"]
[EventType "rapid"]
[EventCountry "CHN"]
[SourceTitle "playchess.com"]
[Source "ChessBase"]
[SourceQuality "1"]

{[%evp 13,65,18,29,12,14,16,16,0,0,0,25,19,20,0,0,0,0,0,0,0,0,0,0,0,39,25,42,45,58,-658,-654,-647,-635,-1147,-1147,-1132,-1102,-29972,787,-29973,712,0,0,0,0,0,0,0,0,0,0,0,0,0]} 1. e4 e5 2. Nf3 Nf6 3. Nxe5 d6 4. Nf3 Nxe4 5. Nc3 Nxc3 6. dxc3 Be7 7. Be3 O-O 8. Qd2 {C42: Petroff Defence: 3 Nxe5 and unusual White 3rd moves} Nd7 9. O-O-O Nf6 10. Kb1 (10. Bd3 c5 11. Rhe1 Be6 12. Bg5 d5 13. Qf4 Re8 14. Re5 Qc7 15. Qh4 h6 16. Bxh6 {½-½ (100) Navara,D (2739)-Gelfand,B (2655) Prague 2019}) 10... c5 11. Bd3 Bd7 12. Bg5 Re8 13. h4 h6 14. Bc4 $146 ({Predecessor:} 14. Qf4 d5 15. Ne5 Be6 16. Bb5 Rf8 17. Bxh6 gxh6 18. Qxh6 Ne4 19. Bd3 Qb6 20. Nc4 Qc6 21. Ne5 Qb6 22. Nc4 {½-½ (22) Adams,M (2283)-Canibal,J (2330) ICCF email 2016}) 14... b5 {[%cal Bb7b5,Bb5b4][%mdl 32]} 15. Bxf6 $1 Bxf6 16. Bd5 Rb8 $1 $36 {[%mdl 2048] Black fights for an advantage.} 17. Qf4 b4 18. c4 $1 Be6 19. g4 {Bc6 is the strong threat.} Qa5 20. Bxe6 Rxe6 21. Ng5 $2 {[%mdl 8192]} (21. Rhe1 $14 Be5 22. Qf5 (22. Nxe5 dxe5 23. Qe3 Ra6 $11)) 21... b3 $19 (21... hxg5 $2 22. hxg5 b3 23. axb3 $19) 22. axb3 hxg5 23. hxg5 {[#]} Bxb2 $1 {[%mdl 512]} 24. Kxb2 {[#]} Rxb3+ $3 {[%mdl 512]} 25. Kxb3 Qb4+ 26. Ka2 {[#]} Re2 $4 {[%mdl 8192] [#]} (26... d5 $1 {[%mdl 512] and life is good for Black.} 27. Qb8+ (27. cxd5 Ra6#) 27... Qxb8 28. Rh3 dxc4 29. Ra3 Re2 $1 {[%mdl 512]} 30. Rc1 Qb4 31. g6 fxg6 32. f3 c3 33. Rb3 Qf4 $1 {[%mdl 576] Double Attack} 34. Rxc3 Qxc1 35. Kb3 Qb1+ 36. Kc4 Rd2 37. Rd3 Qxc2+ {[%mdl 64] Double Attack} 38. Rc3 Rd4+ 39. Kxc5 Qxc3+ {[%mdl 64] Double Attack} 40. Kb5 Qc4+ 41. Ka5 Rd5#) 27. Qf5 $2 (27. Qc1 $1 $18) 27... Qa4+ $11 {The position is equal.} 28. Kb2 Qb4+ 29. Kc1 Qa3+ 30. Kb1 {Qc8+ would kill now.} Qb4+ {[%mdl 64] Double Attack} 31. Kc1 {White threatens Qc8+ and mate.} Qa3+ 32. Kb1 {Threatening mate with Qc8+.} Qb4+ {[%mdl 64] Double Attack} 33. Kc1 {Accuracy: White = 45%, Black = 78%.} 1/2-1/2

[Event "IMSA Rapid Men 2019"]
[Site "Hengshui"]
[Date "2019.05.14"]
[Round "3.6"]
[White "Le, Quang Liem"]
[Black "Leko, Peter"]
[Result "1-0"]
[WhiteElo "2704"]
[BlackElo "2674"]
[Annotator "TA"]
[PlyCount "107"]
[EventDate "2019.05.14"]
[EventType "rapid"]
[EventCountry "CHN"]
[SourceTitle "playchess.com"]
[Source "ChessBase"]
[SourceQuality "1"]

{[%evp 11,107,0,9,12,14,6,8,8,0,0,3,-2,10,2,13,0,7,3,0,0,0,0,0,0,0,0,0,0,10,0,28,27,45,50,51,46,64,64,75,63,75,75,114,64,80,25,26,0,0,0,6,6,148,150,150,150,141,159,224,223,345,322,365,360,341,331,389,388,383,341,337,285,528,527,512,474,828,832,795,503,469,333,309,269,257,171,167,159,798,741,2059,1146,29976,29977,29972,29978,5165,1760]} 1. e4 e5 2. Nf3 Nc6 3. Bb5 Nf6 4. d3 Bc5 5. O-O Nd4 6. Nxd4 Bxd4 7. c3 {C65: Ruy Lopez: Berlin Defence (3...Nf6), unusual lines and 4 0-0 Bc5} Bb6 8. Na3 c6 9. Ba4 {The position is equal.} d6 10. Nc4 Bc7 {[#] And now ...b5 would win.} 11. Bb3 a5 12. a4 Be6 $146 ({Predecessor:} 12... O-O 13. Bg5 h6 14. Bh4 Be6 {0-1 (55) Karjakin,S (2753)-Nakamura,H (2746) Kolkata 2018}) 13. f4 exf4 14. Bxf4 d5 15. Bxc7 Qxc7 16. exd5 Nxd5 17. d4 O-O {next ...b5 is good for Black.} 18. Qf3 Rad8 19. Nd2 c5 20. c4 Ne7 21. d5 $1 {[%cal Rd5e6]} Bf5 22. Rae1 Bg6 23. Qc3 Nc8 24. Bc2 Bxc2 25. Qxc2 Rde8 26. Ne4 {Strongly threatening Ng5.} Nd6 27. b3 b6 28. Ng5 $40 {[%mdl 128] White mounts an attack.} (28. g3 $16) 28... g6 $11 29. Qf2 h6 30. Nf3 Rxe1 31. Rxe1 Re8 (31... Qd8 $11 {keeps the balance.}) 32. Rxe8+ $16 Nxe8 33. Qe3 Nd6 34. Qxh6 Qe7 {[#]} (34... Ne4 $16 {keeps fighting.} 35. g4 Qd6) 35. Qg5 $1 $18 {[%cal Rg5e7]} Qc7 (35... Qxg5 $142 36. Nxg5 f6) 36. Qe5 Qd7 37. h3 Qd8 38. h4 f6 39. Qe6+ Kg7 40. Kf2 Nf7 41. g3 Nd6 $2 (41... Qc7 42. Nd2 Qd8) 42. g4 Nf7 43. g5 fxg5 (43... Nd6 $142 44. h5 gxh5) 44. hxg5 Nd6 45. Qe5+ ({Stronger than} 45. Ne5 Qxg5 46. Nf3 (46. Qxd6 Qd2+ 47. Kg1 Qe1+ 48. Kg2 Qd2+ 49. Kh3 Qe3+ 50. Kg4 Qe4+ 51. Kg3 Qe1+ 52. Kh3 Qe3+ 53. Kh2 Qd2+ 54. Kh1 Qe1+ 55. Kg2 Qd2+ 56. Kh3 Qe3+ $11) 46... Qf6 $11) 45... Kh7 46. Qh2+ Kg8 47. Qh6 Qe8 48. Nh4 Ne4+ 49. Kg2 Nd2 $2 (49... Qf7 $16 50. Qxg6+ Qxg6 51. Nxg6 Nxg5) 50. Qxg6+ Qxg6 51. Nxg6 Nxb3 52. d6 Nd4 53. d7 Ne6 54. Kg3 {Accuracy: White = 70%, Black = 40%.} (54. Ne5 $142 Nd8 55. Kf3) 1-0

[Event "IMSA Rapid Men 2019"]
[Site "Hengshui"]
[Date "2019.05.14"]
[Round "3.7"]
[White "Jones, Gawain C B"]
[Black "Rapport, Richard"]
[Result "0-1"]
[WhiteElo "2702"]
[BlackElo "2736"]
[Annotator "TA"]
[PlyCount "108"]
[EventDate "2019.05.14"]
[EventType "rapid"]
[EventCountry "CHN"]
[SourceTitle "playchess.com"]
[Source "ChessBase"]
[SourceQuality "1"]

{[%evp 9,108,-18,-12,-18,-32,-27,-35,-34,-23,-37,-33,-22,-16,-47,-13,0,-4,-85,-86,-118,-120,-114,-67,-75,-3,-24,-26,-27,-28,-68,16,-33,62,-30,-45,-109,-98,-84,-58,-45,-57,-74,0,-66,-69,-134,-143,-128,-122,-253,-247,-306,-188,-416,-335,-308,-272,-327,-321,-261,-283,-413,-385,-423,-418,-474,-474,-474,-469,-459,-421,-372,-330,-327,-304,-743,-724,-735,-702,-680,-642,-596,-462,-1048,-952,-604,-603,-29971,-601,-965,-972,-29975,-29976,-29977,-29978,-29978,-29979,-29979,-29979,-29984,-29985]} 1. e4 d6 2. d4 Nf6 3. Nc3 e5 4. Nf3 Nbd7 5. g4 (5. Bc4 Be7 6. a4 O-O 7. O-O c6 8. Re1 a5 9. h3 Nb6 10. Ba2 Nfd7 11. Be3 exd4 12. Bxd4 Nc5 13. Bxc5 dxc5 14. Qe2 Qd6 15. Rad1 Qg6 16. Ne5 Qg5 17. Nf3 Qg6 18. Ne5 Qg5 19. Nf3 Qg6 20. Ne5 Qg5 {½-½ (20) Fressinet,L (2650)-Ponomariov,R (2663) Germany 2019}) 5... Nxg4 6. Rg1 {C41: Philidor Defence} Ngf6 7. Be3 c6 8. Qd2 {Black is slightly better.} b5 $146 {[%cal Bb7b5,Bb5b4][%mdl 32]} ({Predecessor:} 8... Qa5 9. O-O-O {½-½ (29) Sukovic,A (1926)-Tomic,A (2277) Pljevlja 2015}) 9. O-O-O Qa5 $1 {Strongly threatening ...b4.} 10. dxe5 dxe5 11. Bh3 b4 12. Nb1 Qc7 13. Bxd7+ (13. Qe2 $11 {remains equal.}) 13... Nxd7 $17 14. Nh4 g6 15. f4 Nb6 {...Nc4 is the strong threat.} 16. b3 $1 Be7 (16... c5 $17 {With the idea ...Bb7.} 17. fxe5 Be6) 17. Nf3 $11 c5 18. Nxe5 Bb7 19. Qe2 {White wants to play Qb5+.} c4 (19... Bxe4 $15 20. Qb5+ Kf8) 20. Bxb6 ({Much worse is} 20. bxc4 f6 $17) 20... Qxb6 ({Black should try} 20... axb6 $15 21. Rd7 (21. bxc4 f6 $19) 21... Qc5) 21. Qxc4 (21. Nxc4 $14 Qf6 22. Rgf1) 21... O-O $1 $36 {[%mdl 2048] Black has the initiative.} 22. Rg3 ({White should play} 22. Nd2 $15) 22... Rac8 23. Qe2 Rfd8 24. Rxd8+ Rxd8 25. Rd3 Kg7 (25... Rxd3 $17 26. Qxd3 Qg1+ 27. Kb2 Bc5) 26. Rxd8 (26. Nd2 $11) 26... Bxd8 $15 27. Qd3 (27. Nc4 $15 Qg1+ 28. Kb2) 27... Qg1+ $1 $17 {[%mdl 1024] Black has strong compensation.} 28. Kb2 {[#]} Bb6 $1 {[%cal Rb6d4]} 29. a3 (29. Nf3 $17 Qg4 30. Nbd2) 29... Qd4+ $19 (29... Qxh2 30. Nxf7 Qxf4 31. Nd6 $17) 30. c3 Qf2+ (30... Qxe4 31. Qxe4 Bxe4 32. Nd2 $17) 31. Qd2 $2 (31. Nd2 {only move.}) 31... Qxd2+ 32. Nxd2 {[%mdl 4096] Endgame KBB-KNN} Be3 33. Nec4 bxc3+ ({Less strong is} 33... Bxf4 34. axb4 Bxh2 35. Kc2 $19) 34. Kxc3 Bxf4 35. h4 (35. h3 {was called for.}) 35... h5 36. Kd4 g5 37. hxg5 {[#] If only White now had time for Nf3....} h4 $1 {[%cal Rh4h3]} 38. Nf3 h3 39. a4 Bc8 {And now ...Bg4 would win.} 40. Ne3 h2 41. Nxh2 Bxh2 42. Nd1 $2 (42. Nf5+ Bxf5 43. exf5) 42... Bg1+ 43. Ke5 Kg6 44. Nc3 Kxg5 45. b4 Be6 46. a5 (46. Nd5 $142 Bg4 47. Kd6) 46... Bc4 47. Nd5 Bf2 48. Kd6 Bd3 (48... Bxd5 $142 49. exd5 Be1 50. Kc5 f5 51. d6 Kf6 52. d7 Ke7 53. Kc4 Kxd7 54. b5 Bxa5 55. Kc5 Kc7 56. Kc4 Kb6 57. Kd4 Kxb5 58. Ke5 Bc7+ 59. Kxf5 a5 60. Ke6 Kc6 61. Kf5 a4 62. Ke6 a3 63. Kf5 a2 64. Ke4 a1=Q 65. Ke3 Qe1+ 66. Kf3 Qe5 67. Kf2 Qe4 68. Kf1 Qf3+ 69. Kg1 Qe2 70. Kh1 Qh2#) 49. e5 Bg3 50. Ke7 Bxe5 {Black mates.} 51. Kxf7 {[#]} Bc4 $1 52. Ke6 Bg3 53. b5 Kg4 54. b6 a6 {Accuracy: White = 26%, Black = 63%.} 0-1